000 01260nam a22003497a 4500
082 _a519.4
_bNAW
_cL-37,P-176
100 _aNAWAB-UD-DIN
_939448
245 _aNumerical analysis/
_cCH,NAWAB-UD-DIN.
260 _aFAISALABAD:
_bMAJEED BOOK DEPOT,
_cc1995-1996.
300 _a292 p. :
_bill. ;
526 _a0
_b0
_c0
_d519_400000000000000_NAW
526 _a0
_b0
_c0
_d519_400000000000000_NAW
526 _a0
_b0
_c0
_d519_400000000000000_NAW
526 _a0
_b0
_c0
_d519_400000000000000_NAW
526 _a0
_b0
_c0
_d519_400000000000000_NAW
526 _a0
_b0
_c0
_d519_400000000000000_NAW
526 _a0
_b0
_c0
_d519_400000000000000_NAW
526 _a0
_b0
_c0
_d519_400000000000000_NAW
526 _a0
_b0
_c0
_d519_400000000000000_NAW
526 _a0
_b0
_c0
_d519_400000000000000_NAW
526 _a0
_b0
_c0
_d519_400000000000000_NAW
526 _a0
_b0
_c0
_d519_400000000000000_NAW
526 _a0
_b0
_c0
_d519_400000000000000_NAW
526 _a0
_b0
_c0
_d519_400000000000000_NAW
526 _a0
_b0
_c0
_d519_400000000000000_NAW
526 _a0
_b0
_c0
_d519_400000000000000_NAW
526 _a0
_b0
_c0
_d519_400000000000000_NAW
526 _a0
_b0
_c0
_d519_400000000000000_NAW
526 _a0
_b0
_c0
_d519_400000000000000_NAW
650 _aMCE
_9379
942 _2ddc
_cBK
999 _c543940
_d543940